[Event "Godal Memorial"]
[Site "Hungary"]
[Date "1999.??.??"]
[Round "3"]
[White "Menyhart, Tibor"]
[Black "Kladiva, Imre"]
[Result "1-0"]
[WhiteElo "2305"]
[BlackElo "2130"]
[PlyCount "61"]
[EventDate "1999.??.??"]
[EventType "swiss"]
[EventRounds "9"]
[EventCountry "HUN"]
[SourceTitle "EXT 2000"]
[Source "ChessBase"]
[SourceDate "1999.11.16"]
[SourceVersion "1"]
[SourceVersionDate "1999.11.16"]
[SourceQuality "1"]

1. d4 Nf6 2. c4 g6 3. Nc3 d5 4. cxd5 Nxd5 5. e4 Nxc3 6. bxc3 Bg7 7. Nf3 0-0 8. Be3 c5 9. Qd2 Qa5 10. Rc1 Nc6 11. d5 Rd8 12. Be2 Bg4 13. 0-0 Rac8 14. Qb2 Ne5 15. Nxe5 Bxe2 16. Nxf7 Kxf7 17. Qxe2 Bxc3 18. d6 e6 19. Bg5 Be5 20. Bxd8 Rxd8 21. f4 Bd4+ 22. Kh1 Rxd6 23. f5 exf5 24. exf5 Rf6 25. fxg6+ hxg6 26. Qe4 Qa6 27. Rxf6+ Kxf6 28. Qh4+ Kf7 29. Re1 Bf6 30. Qh7+ Bg7 31. Kg1 1-0

[Event "HUN-chT2 9798"]
[Site "Hungary"]
[Date "1998.??.??"]
[Round "?"]
[White "Kladiva, Imre"]
[Black "Papp Zoltan, Csaba"]
[Result "0-1"]
[WhiteElo "2140"]
[BlackElo "2255"]
[PlyCount "80"]
[EventDate "1997.??.??"]
[EventType "team"]
[EventRounds "11"]
[EventCountry "HUN"]
[SourceTitle "EXT 1999"]
[Source "ChessBase"]
[SourceDate "1998.11.16"]
[SourceVersion "1"]
[SourceVersionDate "1998.11.16"]
[SourceQuality "1"]

1. d4 f5 2. c4 Nf6 3. Nc3 g6 4. Nf3 Bg7 5. g3 0-0 6. Bg2 d6 7. 0-0 Qe8 8. d5 c6 9. Nd4 Bd7 10. Qb3 Qc8 11. dxc6 bxc6 12. Rd1 Na6 13. a3 Nc5 14. Qc2 e5 15. Nb3 Nb7 16. f4 e4 17. e3 Be6 18. Nd4 Bf7 19. Bf1 Nc5 20. b4 Ne6 21. Nb3 d5 22. Bb2 Rd8 23. c5 Ng4 24. Bc1 d4 25. exd4 Nxd4 26. Nxd4 Rxd4 27. Rb1 Qe6 28. h3 Rxd1 29. Nxd1 Bd4+ 30. Kh1 Qa2 31. Bb2 Nf6 32. Ra1 Qd5 33. Nc3 Qb3 34. Qd2 Rd8 35. Rd1 Nh5 36. Ne2 e3 37. Nc1 exd2 38. Nxb3 Bxb2 39. Rxd2 Rxd2 40. Nxd2 Nxg3+ 0-1

[Event "HUN-chT2 9798"]
[Site "Hungary"]
[Date "1997.??.??"]
[Round "?"]
[White "Egyed, Andras"]
[Black "Kladiva, Imre"]
[Result "1-0"]
[WhiteElo "2260"]
[BlackElo "2140"]
[PlyCount "75"]
[EventDate "1997.??.??"]
[EventType "team"]
[EventRounds "11"]
[EventCountry "HUN"]
[SourceTitle "EXT 1999"]
[Source "ChessBase"]
[SourceDate "1998.11.16"]
[SourceVersion "1"]
[SourceVersionDate "1998.11.16"]
[SourceQuality "1"]

1. d4 Nf6 2. Nf3 d5 3. g3 g6 4. Bg2 Bg7 5. 0-0 0-0 6. c3 c6 7. Nbd2 Nbd7 8. Re1 Re8 9. e4 dxe4 10. Nxe4 Nxe4 11. Rxe4 Nf6 12. Re1 Bf5 13. Qb3 Qb6 14. Ne5 Qxb3 15. axb3 Bc2 16. b4 Nd5 17. b5 Bxe5 18. bxc6 bxc6 19. Rxe5 Bb3 20. Ra3 f6 21. Re6 Nf4 22. Re4 Nd3 23. Rxb3 Nxc1 24. Rb7 Rab8 25. Rxb8 Rxb8 26. b4 Kf7 27. Bf1 a5 28. Bc4+ Kf8 29. Re1 axb4 30. Rxc1 b3 31. Rb1 b2 32. Kf1 e5 33. dxe5 fxe5 34. Ke2 Ke7 35. Kd3 Kd6 36. Kc2 Kc5 37. Bd3 Rf8 38. Rf1 1-0

[Event "Eger Agria op"]
[Site "Eger"]
[Date "1997.??.??"]
[Round "8"]
[White "Gyenes, Istvan"]
[Black "Kladiva, Imre"]
[Result "0-1"]
[WhiteElo "2015"]
[BlackElo "2140"]
[PlyCount "119"]
[EventDate "1997.07.??"]
[EventType "swiss"]
[EventRounds "9"]
[EventCountry "HUN"]
[SourceTitle "EXT 2001"]
[Source "ChessBase"]
[SourceDate "2000.11.22"]
[SourceVersion "1"]
[SourceVersionDate "2000.11.22"]
[SourceQuality "1"]

1. d4 Nf6 2. c4 e6 3. Nc3 d5 4. e3 Be7 5. Nf3 0-0 6. Be2 Nbd7 7. 0-0 c6 8. Qc2 dxc4 9. Bxc4 Qc7 10. Bd3 Bd6 11. h3 e5 12. Bd2 g6 13. Rac1 a6 14. Ng5 Kg7 15. Nge4 Be7 16. Ng3 b6 17. Nce4 Bb7 18. Nxf6 Nxf6 19. dxe5 Qxe5 20. Bc3 Qg5 21. Ne4 Qh4 22. Nxf6 Bxf6 23. Bxf6+ Kxf6 24. Be4 Rac8 25. Rfd1 Kg7 26. Rd7 Ba8 27. Rcd1 Rfe8 28. Bf3 Re6 29. Qb3 Rf6 30. Qc3 c5 31. g3 Qxh3 32. Bxa8 Rxa8 33. R1d5 Re8 34. Rc7 Qe6 35. Rdd7 Kg8 36. b3 Rf5 37. Qd3 Qe5 38. Qxa6 Qb2 39. Qf1 Re6 40. Qe1 Ref6 41. Rd2 Qe5 42. Rc8+ Kg7 43. e4 Re6 44. Re2 h5 45. Rd8 Rf3 46. Rd5 Qf6 47. Kg2 h4 48. Qd2 Rc3 49. Rd3 Rxd3 50. Qxd3 Rd6 51. Qc2 Rd4 52. Qc3 hxg3 53. Qxg3 Qe6 54. f3 Rd3 55. Rf2 b5 56. Rc2 c4 57. bxc4 bxc4 58. Qc7 Qf6 59. Qg3 c3 60. Re2 0-1